Digital electronics / (Record no. 41721)

MARC details
000 -LEADER
fixed length control field 00698nam a22001937a 4500
005 - DATE AND TIME OF LATEST TRANSACTION
control field 2010081304484.0
010 ## - LCCN (DPL NO)
LC control number ENG-100153
020 ## - INTERNATIONAL STANDARD BOOK NUMBER
International Standard Book Number 9788190755696
Terms of availability 125.00
035 ## - SYSTEM CONTROL NUMBER
System control number EN-83685
037 ## - SOURCE OF ACQUISITION
Source of stock number/acquisition DBAD/PUB
082 ## - DEWEY DECIMAL CLASSIFICATION NUMBER
Classification number 621.3815
100 ## - MAIN ENTRY--PERSONAL NAME
Personal name Joshua Gnanamuthu, S.
245 ## - TITLE STATEMENT
Title Digital electronics /
Statement of responsibility, etc by S. Joshua Gnanamuthu
260 ## - PUBLICATION, DISTRIBUTION, ETC. (IMPRINT)
Place of publication, distribution, etc Chennai
Name of publisher, distributor, etc Poovizhi Pathippagam
Date of publication, distribution, etc 2009
270 ## - ADDRESS
Address No. 7/2, Sembada Street, Saidapet West,
City Chennai
Postal code 600015
300 ## - PHYSICAL DESCRIPTION
Extent 136p.
Dimensions 21cm (pbk)
942 ## - ADDED ENTRY ELEMENTS (KOHA)
Source of classification or shelving scheme Dewey Decimal Classification
Item type English Books
Classification part 621.3815
Call number suffix JOS
Holdings
Withdrawn status Lost status Not for loan Collection code Home library Current library Date acquired Source of acquisition Cost, normal purchase price Full call number Barcode Copy number Cost, replacement price Koha item type
    Not For Loan Non-fiction D.B.Act.Division D.B.Act.Division 13/08/2010 DBAD/PUB 125.00 621.3815 JOS EN-83685 1 125.00 English Books

© Delhi Public Library
Hit Counter
free hit counter